Contar con los dedos /
Nacido en Rosario, Argentina, en 1930, el escritor Jorge Díaz ha creado una extensa obra literaria en Chile y en España -país de origen de sus padres- reconocida internacionalmente sobre todo en el género dramático, que le ha merecido diversos premios en sus dos países de residencia y en Venezuela....
Na minha lista:
| Autor principal: | |
|---|---|
| Outros Autores: | |
| Formato: | Livro |
| Idioma: | espanhol |
| Publicado em: |
Santiago, Chile :
Zig-Zag,
2002, c2002
|
| Colecção: | (Delfín de Color. Delfín Azul, desde 9 Años)
|
| Assuntos: | |
| Tags: |
Sem tags, seja o primeiro a adicionar uma tag!
|
MARC
| LEADER | 00000nam^a2200000^a^4500 | ||
|---|---|---|---|
| 001 | 000184946 | ||
| 005 | 20250521000000.0 | ||
| 009 | 20260310102133.92 | ||
| 020 | |a 956-12-1461-X | ||
| 037 | |a Acervo ITESO - Biblioteca | ||
| 041 | |a ESP | ||
| 082 | |a 808. 899282 |b DIA | ||
| 100 | |a Díaz, Jorge |e (autor) | ||
| 245 | 1 | 0 | |a Contar con los dedos / |c J. Díaz ; il. de R. del Real. |
| 264 | 4 | |a Santiago, Chile : |b Zig-Zag, |c 2002, c2002 | |
| 300 | |a 110 p. | ||
| 336 | |a texto |b txt |2 rdacontenido | ||
| 337 | |a sin mediación |b n |2 rdamedio | ||
| 338 | |a volumen |b nc |2 rdasoporte | ||
| 440 | 1 | |a (Delfín de Color. |p Delfín Azul, desde 9 Años) | |
| 520 | |a Nacido en Rosario, Argentina, en 1930, el escritor Jorge Díaz ha creado una extensa obra literaria en Chile y en España -país de origen de sus padres- reconocida internacionalmente sobre todo en el género dramático, que le ha merecido diversos premios en sus dos países de residencia y en Venezuela. Las obras teatrales El cepillo de dientes (1961, versión en un acto) Réquiem por un girasol (1961), El velero en la botella (1962) y Vacaciones para muertos de percusión (1964) destacan en la primera etapa de su producción dramatúrgica, escrita en Chile y ligada al Teatro ICTUS. Establecido en España durante los años 1964-1994, Díaz prosiguió su creación teatral con títulos como Topografía de un desnudo (1965), Liturgia para cornudos (1969), Mira a tu prójimo como a ti mismo (1974), Toda esta larga noche (1976), Oscuro vuelo compartido (1979), Desde la sangre y el silencio (1980) y Un corazón lleno de lluvia (1989), además de obras para niños como Los ángeles ladrones (1967), Sénceca, ratón de biblioteca (1979), El guirigay (1981) o El mundo es un pañuelo (1989). El guante de hierro (1991), La marejada (1997) y Devuélveme el rosario de mi madre y quédate con todo lo de Marx (1999) se cuentan entre las obras de teatro posteriores de Díaz. Galardonado en Chile con el Premio Nacional de las Artes de la Comunicación y Audiovisuales en 1993, también es autor de narraciones infantiles, entre ellas Historias para contar por el aire (1997), Fragancia radioactiva (1998), La isla que navega a la deriva (1999) y Contar con los dedos (2002). | ||
| 649 | |a XX | ||
| 650 | |a Cuentos Infantiles - |z Chile | ||
| 650 | |a Cuentos Chilenos | ||
| 650 | |a Literatura Infantil - |z Chile | ||
| 650 | |a Literatura Chilena - |y Siglo XXI | ||
| 650 | |a Dedos en la Literatura | ||
| 650 | |a Manos en la Literatura | ||
| 700 | |a Real, Roberto del |e (ilustración) | ||
| 910 | |a Fondo General | ||
| 920 | |a Impresos - Libros | ||
| 930 | |a Colección General | ||
| 940 | |a Literatura | ||
| 905 | |a 101 | ||
| 901 | |a 0500125876 |b IT1 |c LIT |u 20250521 | ||
| 902 | |a https://opac.biblio.iteso.mx/vufind/Record/000184946 | ||